Hóa học phân tích định lượng Giáo trình dùng cho sinh viên các trường Đại học

Gespeichert in:
Bibliographische Detailangaben
1. Verfasser: Bùi, Long Biên
Format: Buch
Sprache:Undetermined
Veröffentlicht: Hà Nội KHKT 2001
Schlagworte:
Tags: Tag hinzufügen
Keine Tags, Fügen Sie den ersten Tag hinzu!
Thư viện lưu trữ: Trung tâm Học liệu Trường Đại học Cần Thơ
LEADER 00611nam a2200205Ia 4500
001 CTU_46572
008 210402s9999 xx 000 0 und d
082 |a 545 
082 |b B305 
100 |a Bùi, Long Biên 
245 0 |a Hóa học phân tích định lượng 
245 0 |b Giáo trình dùng cho sinh viên các trường Đại học 
245 0 |c Bùi Long Biên 
260 |a Hà Nội 
260 |b KHKT 
260 |c 2001 
650 |a Chemistry, Analytic 
650 |x Quantitative 
904 |i Trọng Hiếu 
980 |a Trung tâm Học liệu Trường Đại học Cần Thơ